| 000 | 01384cam a2200301 a 4500 | ||
|---|---|---|---|
| 999 |
_c26411 _d26411 |
||
| 001 | 16149940 | ||
| 005 | 20170204105817.0 | ||
| 008 | 100323s2009 stka c 001 0 eng | ||
| 010 | _a 2010292130 | ||
| 020 | _a9780856676673 | ||
| 020 | _a0856676675 | ||
| 050 | 0 | 0 | _aN1315 .A63 2009 |
| 110 | 2 | _aKelvingrove Art Gallery and Museum. | |
| 245 | 1 | 0 |
_aKelvingrove Art Gallery and Museum : _ba souvenir guide. |
| 260 |
_a[Glasgow] : _bGlasgow Museums Pub. ; _aLondon : _bIn association with Philip Wilson Publishers ; _aNew York, NY : _bDistributed in North America by Palgrave Macmillan, _c2009. |
||
| 300 |
_a128 p. : _bcol. ill. ; _c25 cm. |
||
| 500 | _aIncludes index. | ||
| 610 | 2 | 0 |
_aKelvingrove Art Gallery and Museum _vCatalogs. |
| 650 | 0 |
_aArt, European _vCatalogs. |
|
| 650 | 0 |
_aArt _zScotland _zGlasgow _vCatalogs. |
|
| 856 | 4 | 2 |
_3Publisher description _uhttp://www.loc.gov/catdir/enhancements/fy1008/2010292130-d.html |
| 942 |
_2lcc _cBOOKS |
||